Statistics for Capitals with letter O as Second Letter

Click here to take the quiz!

General Stats

  • This quiz has been taken 256 times
    (250 since last reset)
  • The average score is 17 of 25

Answer Stats

Capital% Correct
Bogotá
88%
London
86%
Tokyo
84%
Moscow
82%
Rome
82%
Port-au-Prince
78%
Port Moresby
75%
Lome
74%
Port Louis
73%
Port of Spain
71%
Porto-Novo
71%
Copenhagen
70%
Montevideo
69%
Moroni
69%
Dodoma
68%
Port Vila
68%
Mogadishu
67%
Doha
63%
Monrovia
62%
Podgorica
62%
Honiara
61%
Sofia
61%
Conakry
56%
Roseau
56%
Nouakchott
48%

Score Distribution

Percentile by Number Answered

Percent of People with Each Score

Your Score History

You have not taken this quiz since the last reset